Oceans: the threats to our seas and what you can do to turn the tide: a participant media guide (Record no. 33139)

MARC details
000 -LEADER
fixed length control field 00469nam a2200169Ia 4500
020 ## - INTERNATIONAL STANDARD BOOK NUMBER
ISBN 978- 1- 58648- 830- 7
050 ## - CALL MARK
Classification number GC1018.O26
100 ## - STATEMENT OF RESPONSIBILITY--MAIN AUTHOR NAME
Personal name Jon Bowermaster
245 #0 - TITLE STATEMENT
Title Oceans: the threats to our seas and what you can do to turn the tide: a participant media guide
260 ## - PUBLICATION, DISTRIBUTION, ETC. (IMPRINT)
Name of publisher PublicAffairs
260 ## - PUBLICATION, DISTRIBUTION, ETC. (IMPRINT)
Year of publication 2010
300 ## - PHYSICAL DESCRIPTION
Number of Pages 319 p
650 ## - SUBJECT ADDED ENTRY--TOPICAL TERM
Topical Term Marine biology
942 ## - ADDED ENTRY ELEMENTS (KOHA)
Koha item type Books
Holdings
Withdrawn status Lost status Source of classification or shelving scheme Damaged status Not for loan Permanent Location Current Location Date acquired Accession Number Price effective from Koha item type
    Library of Congress Classification     NILE UNIVERSITY OF NIGERIA - MAIN LIBRARY NILE UNIVERSITY OF NIGERIA - MAIN LIBRARY 04/23/2025 0002398 04/23/2025 Books